000 00723nam a22002052 4500
999 _c4807
_d4807
003 ALUPE UNIVERSITY
005 20220329113412.0
008 810928s1981 enk 000 0 eng d
020 _a034024707X (pbk)
040 _cALUPE UNIVERSITY
050 1 _aRT65
_b.H37 1981
100 1 _aHarrison, R. J.
245 1 0 _aMultiple choice questions and answers with explanatory notes on medicine, surgery and nursing, including relevant physiology and anatomy /
_cR.J. Harrison.
260 _aLondon :
_bHodder and Stoughton,
_cc1981.
300 _avii, 107 p. ;
_c22 cm.
650 0 _aMedicine
_xProblems, exercises, etc.
650 0 _aNursing.
942 _2lcc
_cBK